[Event "1st Golden Apricot 2013"]
[Site "Malatya TUR"]
[Date "2013.06.11"]
[Round "3"]
[White "Annaberdiev,M"]
[Black "Ozen,Bahadir"]
[Result "1-0"]
[WhiteElo "2436"]
[BlackElo "1927"]

1.Nf3 d5 2.g3 Nf6 3.Bg2 e6 4.O-O Be7 5.d3 O-O 6.Nbd2 c5 7.e4 Nc6 8.Re1 b5
9.e5 Nd7 10.Nf1 a5 11.h4 Ba6 12.N1h2 Qc7 13.Bf4 b4 14.Ng4 a4 15.Qd2 c4 16.dxc4 Bxc4
17.b3 Bb5 18.Nf6+ Kh8 19.Nxd5 exd5 20.e6 Qb7 21.exd7 Qxd7 22.Ne5 Nxe5 23.Bxe5 f6
24.Bd4 axb3 25.axb3 Rac8 26.Ra7 Rc7 27.Bh3 f5 28.Rxc7 Qxc7 29.h5 f4 30.h6 Bf6
31.Qxb4 Rg8 32.Bxf6 gxf6 33.Re7 Rxg3+ 34.fxg3 Qb6+ 35.Kh1  1-0

[Event "Portuguese Honra A 2013"]
[Site "Sintra POR"]
[Date "2013.06.11"]
[Round "4.1"]
[White "Guerreiro,N"]
[Black "Ribeiro,Jos"]
[Result "1-0"]
[WhiteElo "2132"]
[BlackElo "2103"]

1.Nf3 d5 2.g3 Bg4 3.Bg2 Nd7 4.O-O Ngf6 5.d3 e5 6.Nbd2 Bd6 7.e4 dxe4 8.dxe4 Qe7
9.Qe2 O-O 10.h3 Bh5 11.a4 Nc5 12.a5 Ne6 13.Qc4 a6 14.Re1 Nd7 15.Nf1 Bxf3
16.Bxf3 Nd4 17.Bg2 b5 18.axb6 cxb6 19.Ne3 b5 20.Qd3 Nc5 21.Qd1 Rfd8 22.Nd5 Qe6
23.Bg5 f6 24.Be3 Nc6 25.Qb1 Qf7 26.Qa2 Ne6 27.c3 Bc5 28.Bc1 b4 29.Qc4 bxc3
30.bxc3 a5 31.h4 Rdc8 32.Bh3 Ncd8 33.Qa4 Ra7 34.Rb1 Bf8 35.Rb5 Nc5 36.Qc4 Rc6
37.Be3 Ncb7 38.Qa4 Nc5 39.Qc4 Ncb7 40.Qa2 Nd6 41.Rb8  1-0

[Event "2nd Grand Europe Open 2013"]
[Site "Golden Sands BUL"]
[Date "2013.06.12"]
[Round "3.7"]
[White "Javakhadze,Z"]
[Black "Mareco,S"]
[Result "1/2-1/2"]
[WhiteElo "2450"]
[BlackElo "2557"]

1.Nf3 d5 2.g3 Nf6 3.Bg2 c6 4.c4 dxc4 5.O-O Nbd7 6.Qc2 Nb6 7.Na3 Qd5 8.b3 cxb3
9.axb3 Be6 10.Nc4 Nxc4 11.bxc4 Qxc4 12.Qb1 Qb3 13.Bb2 c5 14.d4 Qb4 15.Ng5 Bd7
16.dxc5 Bc6 17.Qa2 e6 18.Bxc6+ bxc6 19.Bxf6 gxf6 20.Rab1 Qxc5 21.Ne4 Qe5
22.Qc4 Rc8 23.Rfd1 Be7 24.Rb7 f5 25.Rdd7 O-O 26.Rxe7 fxe4 27.Rxa7 c5 28.Red7 Rcd8
29.Rdc7 Rd5 30.Qb3 Qh5 31.Qc2 Qe5 32.Qb3 Rdd8 33.Qc4 Rc8 34.Rd7 Rcd8 35.Rdc7 Rc8  1/2-1/2

[Event "2nd Grand Europe Open 2013"]
[Site "Golden Sands BUL"]
[Date "2013.06.12"]
[Round "3.19"]
[White "Gomes,Mary"]
[Black "Grigoryan,Av"]
[Result "0-1"]
[WhiteElo "2408"]
[BlackElo "2605"]

1.Nf3 d5 2.g3 Nc6 3.d4 Bg4 4.Bg2 e6 5.O-O Bd6 6.c4 Nf6 7.cxd5 Nxd5 8.e4 Nb6
9.d5 exd5 10.exd5 Ne5 11.Qb3 Bxf3 12.Bxf3 Nxf3+ 13.Qxf3 O-O 14.Nc3 Qd7 15.Rd1 Rfe8
16.Ne4 Nc4 17.Nxd6 cxd6 18.Bf4 Nxb2 19.Rd4 b5 20.Qc3 Nc4 21.a4 a6 22.Rb1 h6
23.Kg2 g5 24.Bc1 Qf5 25.Qd3 Qxd3 26.Rxd3 bxa4 27.Rb4 Rec8 28.Rxa4 Ne5 29.Rd1 Rc2
30.Be3 Nc4 31.Bd4 a5 32.Rb1 Rc8 33.Rd1 Kh7 34.Rd3 Kg6 35.g4 f5 36.gxf5+ Kxf5
37.Bc3 Rc5 38.Bg7 Kg6 39.Ba1 Nb6 40.Re4 Nxd5 41.Kg3 Kf5 42.Re8 Rc1 43.Rf8+ Kg6
44.Bd4 R5c4 45.Be3 Rg1+ 46.Kf3 g4+ 47.Ke2 Nc3+ 48.Kd2 Ne4+ 49.Ke2 Rc2+ 50.Bd2 Rg2
51.Rf4 Rxd2+ 52.Rxd2 Nxd2 53.Kxd2 Kg5 54.Ke3 Rxh2 55.Ra4 Rh3+ 56.Ke2 Rf3
57.Rxa5+ Rf5 58.Ra6 d5 59.Ra8 h5 60.Ke3 Rf3+ 61.Ke2 Rf5 62.Ke3 Kh4 63.Rh8 Kh3  0-1

[Event "2nd Grand Europe Open 2013"]
[Site "Golden Sands BUL"]
[Date "2013.06.12"]
[Round "3.8"]
[White "Arsovic,Z"]
[Black "Vidit,S"]
[Result "0-1"]
[WhiteElo "2433"]
[BlackElo "2554"]

1.Nf3 d5 2.g3 Bg4 3.Bg2 Nd7 4.c4 e6 5.cxd5 exd5 6.O-O Ngf6 7.h3 Bh5 8.Nc3 c6
9.d3 Bc5 10.Qb3 Bb6 11.Na4 O-O 12.Nxb6 axb6 13.Qc2 Nc5 14.Bd2 Re8 15.b4 Ne6
16.e3 b5 17.a4 bxa4 18.Rxa4 Rxa4 19.Qxa4 Ne4 20.Be1 Nd6 21.Bc3 Bxf3 22.Bxf3 d4
23.Bd2 dxe3 24.fxe3 Nf5 25.Bxc6 bxc6 26.Rxf5 Qxd3 27.Qxc6 Rd8 28.Rf2 Ng5
29.Kg2 Ne4 30.Bc1 Nxf2 31.Kxf2 Qf5+ 32.Kg2 Rc8 33.Qd6 Qe6  0-1

[Event "1st Golden Apricot 2013"]
[Site "Malatya TUR"]
[Date "2013.06.12"]
[Round "4"]
[White "Azaladze,S"]
[Black "Annaberdiev,M"]
[Result "1/2-1/2"]
[WhiteElo "2481"]
[BlackElo "2436"]

1.Nf3 d5 2.g3 Nf6 3.Bg2 c6 4.c4 dxc4 5.O-O Nbd7 6.Na3 Nb6 7.Qc2 Qd5 8.b3 cxb3
9.axb3 e6 10.Nc4 Qd8 11.e4 Be7 12.d4 O-O 13.Rd1 Nfd7 14.Bd2 Nxc4 15.bxc4 b6
16.e5 Bb7 17.Qe4 Re8 18.Qg4 f5 19.Qh5 Nf8 20.Be3 Qd7 21.g4 fxg4 22.Qxg4 Red8
23.Ng5 Bxg5 24.Bxg5 Re8 25.Ra3 c5 26.dxc5  1/2-1/2

[Event "1st Golden Apricot 2013"]
[Site "Malatya TUR"]
[Date "2013.06.12"]
[Round "4"]
[White "Benidze,D"]
[Black "Guliev,L"]
[Result "1-0"]
[WhiteElo "2495"]
[BlackElo "2383"]

1.Nf3 d5 2.g3 Nf6 3.Bg2 c5 4.O-O Nc6 5.d4 cxd4 6.Nxd4 e6 7.c4 Be7 8.Nc3 O-O
9.Be3 h6 10.cxd5 exd5 11.Qa4 Bd7 12.Nxd5 Nxd5 13.Bxd5 Nb4 14.Qb3 Qa5 15.Bf3 Ba4
16.Qc3 Rac8 17.Qd2 Qa6 18.Nf5 Qf6 19.Nxe7+ Qxe7 20.Bxa7 Rfd8 21.Qe3 Qd7 22.Qf4 Nc2
23.Rac1 Bb5 24.Bg4  1-0

[Event "8th Tal Mem Blitz"]
[Site "Moscow RUS"]
[Date "2013.06.12"]
[Round "4"]
[White "Kramnik,V"]
[Black "Anand,V"]
[Result "1/2-1/2"]
[WhiteElo "2803"]
[BlackElo "2786"]

1.Nf3 d5 2.g3 c5 3.Bg2 Nc6 4.O-O Nf6 5.c4 d4 6.e3 e5 7.exd4 exd4 8.d3 Be7
9.Bf4 O-O 10.Ne5 Nxe5 11.Bxe5 Ng4 12.Bf4 Bd6 13.h3 Bxf4 14.hxg4 Bd6 15.Nd2 Rb8
16.Bd5 Re8 17.Qf3 Be6 18.Rfe1 Qd7 19.Bxe6 Rxe6 20.Re4 Bf8 21.Rae1 Rf6 22.Qd1 h6
23.a3 a6 24.Nf3 b5 25.Ne5 Qc7 26.f4 Bd6 27.cxb5 axb5 28.Nf3 Qd7 29.g5 hxg5
30.Nxg5 Rh6 31.Qe2 Rf8 32.Kg2 Qc6 33.Qf3 Bc7 34.Re8 Bd8 35.Qxc6 Rxc6 36.Nf3 Bf6
37.g4 g6 38.g5 Bg7 39.R1e4 c4 40.Rxf8+ Kxf8 41.Nxd4 cxd3 42.Nf3 Rc2+ 43.Kf1 Rxb2  1/2-1/2

[Event "8th Tal Mem Blitz"]
[Site "Moscow RUS"]
[Date "2013.06.12"]
[Round "7"]
[White "Karjakin,Sergey"]
[Black "Kramnik,V"]
[Result "1-0"]
[WhiteElo "2782"]
[BlackElo "2803"]

1.Nf3 d5 2.g3 g6 3.Bg2 Bg7 4.d4 Nf6 5.O-O c6 6.b3 O-O 7.Bb2 Bf5 8.c4 Ne4
9.Nbd2 Qa5 10.a3 Nd7 11.Rc1 Rfc8 12.Nxe4 Bxe4 13.Bh3 Bxf3 14.Bxd7 Rd8 15.b4 Qc7
16.Bh3 Be4 17.c5 a5 18.f3 Bf5 19.Bxf5 gxf5 20.e3 Qd7 21.Bc3 axb4 22.Bxb4 e5
23.dxe5 Bxe5 24.Qd3 Qe6 25.Rc2 Rd7 26.Rb1 Bg7 27.Re2 Qg6 28.Kg2 Re7 29.Rb3 Rae8
30.Bc3 Bf6 31.Be1 Bg5 32.Bf2 f4 33.Qxg6+ hxg6 34.h4 fxe3 35.hxg5 exf2 36.Rxf2 Ra8
37.f4 Ra4 38.Rc2 Kg7 39.Kf3 d4 40.Rd3 Rd7 41.Ke4 Rd5 42.g4 Ra5 43.Rb2 Rd7
44.Rc2 Re7+ 45.Kf3 Ra4 46.f5 Re3+ 47.Rxe3 dxe3 48.f6+ Kf8 49.Rh2 Ke8 50.Rh8+ Kd7
51.Rf8 Re4 52.Rxf7+ Ke8 53.Kxe4  1-0

[Event "17th Petr Izmailov"]
[Site "Tomsk RUS"]
[Date "2013.06.12"]
[Round "2.20"]
[White "Beletsky,A"]
[Black "Burdinsky,V"]
[Result "1-0"]
[WhiteElo "2284"]
[BlackElo "1880"]

1.Nf3 d5 2.g3 Nf6 3.Bg2 c6 4.c4 Bf5 5.Qa4 Bxb1 6.Rxb1 e6 7.cxd5 exd5 8.O-O Bd6
9.d3 O-O 10.e4 Nbd7 11.Qc2 Re8 12.Re1 h6 13.b3 Qc7 14.Bb2 Rad8 15.Rbc1 Re7
16.Nd4 Rde8 17.Nf5 Re6 18.Nxd6 Qxd6 19.Qc3 Qf8 20.Bh3 R6e7 21.Ba3 c5 22.Bxd7 Nxd7
23.Bxc5 Nxc5 24.Qxc5 dxe4 25.dxe4 Rxe4 26.Rxe4 Rxe4 27.Qxa7 Qe7 28.Qa5 Re2
29.Rd1 Kh7 30.a4 Qf6 31.Qc5 Qf3 32.Rb1 Rd2 33.b4 h5 34.h4 g5 35.hxg5 h4 36.Qe3 Qxe3
37.fxe3 hxg3 38.Rf1 Kg7 39.Rf6 Ra2 40.a5 Re2 41.Rb6 Rxe3 42.Rxb7 Kg6 43.a6 Ra3
44.b5 Kh5 45.Rxf7 Kg4 46.g6 Kh3 47.g7 g2 48.g8=Q Ra1+ 49.Kf2 Rf1+ 50.Ke2 Rxf7
51.Qxf7  1-0

[Event "2nd Grand Europe Open 2013"]
[Site "Golden Sands BUL"]
[Date "2013.06.14"]
[Round "5.29"]
[White "Chatalbashev,B"]
[Black "Aravindh,Chithambaram VR."]
[Result "1/2-1/2"]
[WhiteElo "2560"]
[BlackElo "2328"]

1.Nf3 d5 2.g3 c5 3.Bg2 Nc6 4.d4 e6 5.O-O Nf6 6.c4 dxc4 7.Qa4 Bd7 8.dxc5 Bxc5
9.Qxc4 Be7 10.Nc3 O-O 11.Rd1 Qa5 12.Bg5 Rfd8 13.a3 Rac8 14.Qb3 Be8 15.Bf4 Qa6
16.e4 Na5 17.Qc2 Rxd1+ 18.Rxd1 Nc4 19.e5 Nd7 20.Ne4 Nf8 21.Bf1 b5 22.Qe2 Ng6
23.b3 Nxf4 24.gxf4 Nb6 25.f5 Nd5 26.Nd4 Bc5 27.f6 Bf8 28.fxg7 Bxg7 29.Qg4 Kh8
30.Nd6 Bxe5 31.Nxc8 Qxc8 32.Bd3 Nf4 33.Qf3 f6 34.Ne2 Bh5 35.Qe4 Bg6 36.Qf3 Bh5
37.Qe4 Bg6 38.Qf3 Nxd3 39.Rxd3 Bxd3 40.Qxd3 a6 41.a4  1/2-1/2

[Event "2nd Grand Europe Open 2013"]
[Site "Golden Sands BUL"]
[Date "2013.06.14"]
[Round "5.20"]
[White "Venkatesh,M"]
[Black "Sveshnikov,V"]
[Result "1-0"]
[WhiteElo "2506"]
[BlackElo "2411"]

1.Nf3 d5 2.g3 c6 3.Bg2 Bg4 4.b3 Nd7 5.Bb2 Ngf6 6.d3 e6 7.Nbd2 a5 8.a3 a4
9.O-O axb3 10.cxb3 Be7 11.h3 Bh5 12.Qc2 O-O 13.Rfd1 Qc7 14.e4 Rfc8 15.a4 Nb8
16.g4 Bg6 17.Ne5 Nfd7 18.Ndf3 Bf6 19.Nxg6 hxg6 20.d4 Na6 21.Ba3 dxe4 22.Qxe4 Nb6
23.Ne5 Nd5 24.Rac1 Rd8 25.Rd3 g5 26.Bf1 Be7 27.Bb2 Nf6 28.Qf3 Nb4 29.Rdd1 Rf8
30.Bc4 Nfd5 31.Re1 Rad8 32.Re4 Nf6 33.Re2 Nfd5 34.Rd1 c5 35.dxc5 Bxc5 36.Red2 Nf4
37.Nd7 Rfe8 38.Qc3 f6 39.Nxf6+ gxf6 40.Qxf6 Ne2+ 41.Kf1  1-0

[Event "2nd Grand Europe Open 2013"]
[Site "Golden Sands BUL"]
[Date "2013.06.14"]
[Round "5.39"]
[White "Gomes,Mary"]
[Black "Bharathi,R"]
[Result "1-0"]
[WhiteElo "2408"]
[BlackElo "2134"]

1.Nf3 d5 2.g3 Nf6 3.Bg2 Bg4 4.d3 Nbd7 5.Nbd2 c6 6.O-O e5 7.e4 dxe4 8.dxe4 Be7
9.Qe1 O-O 10.Nc4 Qc7 11.Ne3 Bxf3 12.Bxf3 Rfe8 13.Bd2 Nc5 14.Nf5 Bf8 15.Bg2 Ne6
16.Kh1 Rad8 17.c3 Rd7 18.Be3 Bc5 19.Bxc5 Nxc5 20.Qe3 Ne6 21.Qxa7 Rd2 22.b4 Red8
23.Ne3 Ng5 24.f3 R2d3 25.Rac1 Qc8 26.Rfd1 g6 27.Rf1 Kg7 28.Rc2 c5 29.Nc4 cxb4
30.cxb4 Rd1 31.Qf2 Qb8 32.Ne3 Rxf1+ 33.Bxf1 Qd6 34.a3 Qd4 35.Nc4 Qxf2 36.Rxf2 Ra8
37.Nxe5 Rxa3 38.Kg2 Rb3 39.b5 Ne6 40.Rd2 Nc7 41.Nxf7 Nxb5 42.e5 Rb1 43.Nd6  1-0

[Event "2nd Grand Europe Open 2013"]
[Site "Golden Sands BUL"]
[Date "2013.06.14"]
[Round "5.22"]
[White "Stany,G"]
[Black "Raznikov,D"]
[Result "0-1"]
[WhiteElo "2384"]
[BlackElo "2491"]

1.Nf3 d5 2.g3 Bg4 3.Bg2 Nd7 4.d3 Ngf6 5.Nbd2 e5 6.e4 dxe4 7.dxe4 Bc5 8.h3 Bh5
9.O-O O-O 10.Qe1 Re8 11.Nh4 a5 12.a4 c6 13.Nb3 Bb6 14.Be3 Qc7 15.Nf5 Bg6
16.Nh4 Nf8 17.Nxg6 hxg6 18.Bxb6 Qxb6 19.Qc3 Qb4 20.Qxb4 axb4 21.Rfd1 Ne6
22.f3 Red8 23.a5 Nd7 24.Ra4 b5 25.Raa1 c5 26.c3 c4 27.Nc1 b3 28.Kf2 Ndc5
29.Rd5 f6 30.Ke3 Na4 31.Rxb5 Nxb2 32.Rd5 Nc7 33.Rd2 Nd1+ 34.Rxd1 Rxd1 35.Nxb3 Rd3+
36.Kf2 Rb8  0-1

[Event "2nd Grand Europe Open 2013"]
[Site "Golden Sands BUL"]
[Date "2013.06.14"]
[Round "5.30"]
[White "Nakar,Ey"]
[Black "Pogonina,N"]
[Result "1/2-1/2"]
[WhiteElo "2390"]
[BlackElo "2488"]

1.Nf3 d5 2.g3 Nf6 3.Bg2 e6 4.O-O Be7 5.c4 dxc4 6.Qa4+ Bd7 7.Qxc4 Bc6 8.b3 O-O
9.Bb2 Nbd7 10.d3 Bd5 11.Qc2 c5 12.e4 Bc6 13.Nbd2 Rc8 14.a4 b6 15.Rac1 a6
16.Qb1 b5 17.axb5 axb5 18.d4 Ba8 19.Rfd1 Qb6 20.e5 Nd5 21.dxc5 Nxc5 22.Bd4 Qb8
23.Rc2 h6 24.Rdc1 Na6 25.Rxc8 Rxc8 26.Ne4 Rxc1+ 27.Qxc1 Nab4 28.Bf1 Nc6 29.Bb2 Na5
30.Ned2 b4 31.Bd3 Qc7 32.Qxc7 Nxc7 33.Nd4 Bd5 34.Be4 Bc5 35.Bxd5 exd5 36.Ne2 g5
37.Bd4 Ne6 38.Bxc5 Nxc5 39.Nd4 Nd3 40.e6 fxe6 41.Nxe6 Nc6 42.Nc7 d4 43.Nb5  1/2-1/2

[Event "Portuguese Honra A 2013"]
[Site "Sintra POR"]
[Date "2013.06.14"]
[Round "6.1"]
[White "Guerreiro,N"]
[Black "Lavrador,R"]
[Result "0-1"]
[WhiteElo "2132"]
[BlackElo "2006"]

1.Nf3 d5 2.g3 c6 3.Bg2 Bg4 4.O-O Nf6 5.d3 Nbd7 6.Nbd2 e6 7.e4 Be7 8.h3 Bxf3
9.Bxf3 O-O 10.Qe2 Qc7 11.Re1 dxe4 12.dxe4 e5 13.a4 Nc5 14.a5 Rad8 15.h4 Rd7
16.h5 h6 17.Nc4 Ne6 18.c3 Rfd8 19.Ne3 Rd3 20.Nf5 Bf8 21.Bg2 Nc5 22.Be3 b6
23.axb6 axb6 24.Bxc5 Bxc5 25.Nd4 Rxg3 26.fxg3 exd4 27.Kh2 dxc3 28.bxc3 Qe5
29.Bf3 Qxc3 30.Rad1 Rxd1 31.Rxd1 Qe5 32.Rd8+ Kh7 33.Bg4 Nxe4 34.Qf3 Qb2+
35.Kh1 Nf2+ 36.Kg2 Nxg4+ 37.Kh3 Nf2+ 38.Kg2 Ne4+ 39.Kh3 Ng5+  0-1

[Event "1st Golden Apricot 2013"]
[Site "Malatya TUR"]
[Date "2013.06.15"]
[Round "9"]
[White "Benidze,D"]
[Black "Yelken,Mustafa"]
[Result "1-0"]
[WhiteElo "2495"]
[BlackElo "2159"]

1.Nf3 d5 2.g3 Nf6 3.Bg2 Bf5 4.c4 c6 5.cxd5 cxd5 6.Qb3 Qb6 7.Qxb6 axb6 8.Nc3 e6
9.d3 Nc6 10.Nb5 Rc8 11.a3 Be7 12.Bf4 O-O 13.Bd6 Bxd6 14.Nxd6 Rc7 15.Nxf5 exf5
16.Kd2 Rfc8 17.Rac1 Na5 18.Rxc7 Rxc7 19.Nd4 g6 20.b4 Nc6 21.Rc1 Rc8 22.b5 Ne7
23.Rxc8+ Nxc8 24.Nc2 Kf8 25.Ne3 Ne7 26.Kc3  1-0

[Event "7th Srebrno Jezero Open 2013"]
[Site "Srebrno jezero SRB"]
[Date "2013.06.15"]
[Round "3.10"]
[White "Popovic,AM"]
[Black "Brankovic,Vladislav"]
[Result "1-0"]
[WhiteElo "2272"]
[BlackElo "1855"]

1.Nf3 d5 2.g3 Nf6 3.Bg2 c6 4.O-O e6 5.d3 Bd6 6.c4 Nbd7 7.Nc3 O-O 8.b3 Qe7
9.Qc2 Re8 10.e4 dxe4 11.dxe4 e5 12.Nh4 Nf8 13.Nf5 Bxf5 14.exf5 Rad8 15.Bd2 Qc7
16.a3 a5 17.Rfe1 Bc5 18.h3 Qd6 19.Be3 N8d7 20.Bxc5 Nxc5 21.Rad1 Qe7 22.b4 Ncd7
23.c5 axb4 24.axb4 Nb8 25.Rxd8 Qxd8 26.Rd1 Qe7 27.Qe2 Qc7 28.g4 h6 29.h4 Na6
30.Qc4 e4 31.g5 hxg5 32.hxg5 Nd5 33.Nxd5 cxd5 34.Rxd5 e3 35.fxe3 Rxe3 36.g6 Qe7
37.Qd4 fxg6 38.fxg6 Re1+ 39.Kh2 Qc7+ 40.Rd6 Re7 41.Qh4 Rd7 42.Qh7+ Kf8 43.Qh8+  1-0

[Event "2nd Grand Europe Open 2013"]
[Site "Golden Sands BUL"]
[Date "2013.06.16"]
[Round "7.16"]
[White "Gomes,Mary"]
[Black "Mareco,S"]
[Result "1-0"]
[WhiteElo "2408"]
[BlackElo "2557"]

1.Nf3 d5 2.g3 c6 3.Bg2 Bf5 4.d3 Nf6 5.Nbd2 h6 6.b3 e6 7.Bb2 a5 8.a3 Be7 9.O-O O-O
10.Qe1 Bh7 11.e4 c5 12.a4 Nc6 13.Qe2 Rc8 14.exd5 exd5 15.Rae1 Rc7 16.Nb1 Nd7
17.Bc1 Nb6 18.Bf4 Bd6 19.Bxd6 Qxd6 20.Nc3 Qf6 21.Qd2 c4 22.bxc4 dxc4 23.d4 Nb4
24.Re5 Ra8 25.Ne1 Re7 26.f4 Rae8 27.Bxb7 Nd7 28.Rxa5 Nb8 29.Re5 N8c6 30.Bxc6 Qxc6
31.Rf2 f6 32.Rxe7 Rxe7 33.Re2 Rd7 34.Qe3 Bf5 35.Qe8+ Kh7 36.Qb8 Rb7 37.Qd8 Bg6
38.Qa5 Qd7 39.Qc5 Bf7 40.Nb5 Nd5 41.Ng2 Qg4 42.Re1 Qf3 43.a5 Ne7 44.Nh4 Qc6
45.Nd6  1-0

[Event "2nd Grand Europe Open 2013"]
[Site "Golden Sands BUL"]
[Date "2013.06.16"]
[Round "7.18"]
[White "Arnaudov,G"]
[Black "Roeder,M"]
[Result "1/2-1/2"]
[WhiteElo "2490"]
[BlackElo "2409"]

1.g3 d5 2.Nf3 c6 3.Bg2 Bg4 4.c4 e6 5.O-O Nd7 6.cxd5 cxd5 7.Nc3 Ne7 8.Nd4 Nb6
9.h3 Bh5 10.f4 Nc6 11.Nxc6 bxc6 12.d3 Bc5+ 13.Kh2 f6 14.Qc2 Bd6 15.e4 O-O
16.b3 Rc8 17.Bd2 Bf7 18.Nd1 Qe7 19.Ne3 Bb4 20.Rae1 Qd6 21.Re2 a5 22.Be1 Ba3
23.Qd2 Bb4 24.Qb2 d4 25.Nd1 e5 26.f5 a4 27.g4 axb3 28.axb3 Nd7 29.g5 Nc5
30.Nf2 Bc3 31.Qb1 Ra8 32.b4 Nd7 33.gxf6 Nxf6 34.Bxc3 dxc3 35.Qc1 Qxb4  1/2-1/2

[Event "2nd Grand Europe Open 2013"]
[Site "Golden Sands BUL"]
[Date "2013.06.16"]
[Round "7.59"]
[White "Jasny,S"]
[Black "Guven,B"]
[Result "1-0"]
[WhiteElo "2298"]
[BlackElo "2115"]

1.Nf3 d5 2.g3 Nf6 3.Bg2 e6 4.O-O Be7 5.b3 O-O 6.c4 c5 7.d3 Nc6 8.e3 b6 9.Bb2 Bb7
10.Nc3 Qd7 11.Qe2 Rad8 12.Rad1 Rfe8 13.h3 Qc8 14.Nb1 Qa8 15.Ne1 a6 16.g4 Na5
17.g5 Nd7 18.f4 dxc4 19.bxc4 Bxg2 20.Nxg2 b5 21.Bc3 Nc6 22.Nd2 Bf8 23.Nh4 Nb6
24.Ne4 bxc4 25.dxc4 Rxd1 26.Rxd1 Rd8 27.Rb1 Nc8 28.f5 exf5 29.Nxf5 N8e7 30.Nh6+ gxh6
31.Nf6+ Kh8 32.Qf2 Qc8 33.Nd7+ Bg7 34.Bxg7+ Kxg7 35.Qf6+ Kg8 36.gxh6 Nf5
37.Qg5+ Kh8 38.Qxf5 Rg8+ 39.Kf2 Qd8 40.Qf6+ Qxf6+ 41.Nxf6 Rg6 42.Ne4 Rxh6
43.Rb6 Kg7 44.Rxa6 Ne5 45.Rxh6 Kxh6 46.Nxc5 Nxc4 47.a4 Na5 48.Kg3 Kg5 49.e4 Nc4
50.h4+ Kh5 51.Nb7 Nd2 52.Nd6 Kg6 53.a5 Nb3 54.a6  1-0

[Event "5th Lublin Union Mem GM"]
[Site "Lublin POL"]
[Date "2013.06.16"]
[Round "2.1"]
[White "Romanishin,O"]
[Black "Zawadzka,J"]
[Result "1-0"]
[WhiteElo "2503"]
[BlackElo "2391"]

1.Nf3 d5 2.g3 c6 3.Bg2 Bg4 4.c4 Nd7 5.cxd5 cxd5 6.Nc3 e6 7.Qb3 Bc5 8.O-O Qb6
9.Qa4 Bxf3 10.Bxf3 Nf6 11.e3 O-O 12.d4 Be7 13.Rb1 Rfc8 14.Bd2 a6 15.Rfc1 Qd6
16.Qd1 e5 17.Bg2 e4 18.Bh3 b5 19.a3 Bd8 20.Ne2 a5 21.Rxc8 Rxc8 22.Rc1 Rc4
23.b3 Rc7 24.Rxc7 Bxc7 25.Nc3 Qc6 26.Bf1 b4 27.axb4 axb4 28.Nb5 Ba5 29.Qa1 Qb6
30.Qa4 Ng4 31.h3 Nh6 32.Nd6 Nf8 33.Qb5 Qxd6 34.Qxa5 g6 35.Bxb4 Qb8 36.Qb5 Qa8
37.Qa6 Qd8 38.Qa5 Qb8 39.Bxf8 Qxf8 40.Qxd5 Qe7 41.Bg2  1-0

[Event "4th Forni di Sopra"]
[Site "Forni di Sopra ITA"]
[Date "2013.06.17"]
[Round "4"]
[White "Lazic,Mir"]
[Black "Borgo,G"]
[Result "1/2-1/2"]
[WhiteElo "2467"]
[BlackElo "2378"]

1.g3 d5 2.Nf3 Nf6 3.c4 e6 4.b3 d4 5.Bg2 Nc6 6.O-O Bc5 7.Ba3 Bxa3 8.Nxa3 O-O
9.d3 e5 10.Nc2 a5 11.a3 Qe7 12.Qd2 Rd8 13.Rfe1 Bf5 14.Nh4 Qe6 15.Nxf5 Qxf5
16.b4 e4 17.b5 Ne5 18.Qf4 Qxf4 19.gxf4 Ng6 20.f5 exd3 21.exd3 Nh4 22.Bxb7 Rab8
23.Bg2 Nxf5 24.Re5 g6 25.Rc5 Ne8 26.Re1 Rb6 27.Bc6 Nf6 28.a4 Kg7 29.Na1 Nh5
30.Re4 Rd6 31.Nb3 Rf6 32.Nxd4 Nd6 33.Re3 Rf4  1/2-1/2

[Event "2nd Grand Europe Open 2013"]
[Site "Golden Sands BUL"]
[Date "2013.06.17"]
[Round "8.38"]
[White "Mohota,N"]
[Black "Gavrilov,Al1"]
[Result "1-0"]
[WhiteElo "2297"]
[BlackElo "2454"]

1.Nf3 d5 2.g3 c6 3.Bg2 Bg4 4.O-O Nd7 5.c4 e6 6.cxd5 exd5 7.d4 Bd6 8.Nc3 f5
9.Bf4 Bxf4 10.gxf4 Bxf3 11.Bxf3 Ngf6 12.Qc2 g6 13.e3 O-O 14.Kh1 Qe7 15.Rg1 Kh8
16.Rac1 Ne4 17.Bxe4 fxe4 18.Rg5 Rf5 19.Rcg1 Raf8 20.Ne2 Rxg5 21.Rxg5 Qe6
22.Rg2 Rf7 23.Qa4 a6 24.Qa5 Nf6 25.Qd2 Ne8 26.Ng3 Nd6 27.b3 h6 28.Qd1 Kh7
29.Rg1 Qh3 30.Qe2 a5 31.Rg2 Rg7 32.f3 exf3 33.Qxf3 Nf5 34.Qf2 Nh4 35.Rg1 Re7
36.Re1 Qg4 37.Qe2 Qe6 38.Kg1 b6 39.Rc1 h5 40.Rc3 Kh6 41.Kf2 Qh3 42.Ke1 c5
43.dxc5 d4 44.Rd3 Ng2+ 45.Kd1 Qxh2 46.Nf1 Qg1 47.Rxd4 Nxe3+ 48.Kc1 bxc5 49.Rd1 Nf5
50.Qb2 Nd4 51.Qd2 Qg4 52.f5+ g5 53.Ne3 Qf4 54.Nd5 Qxd2+ 55.Kxd2 Re5 56.Ne3 Nxf5
57.Nxf5+ Rxf5 58.Re1 h4 59.a4 h3 60.Re8 g4 61.Ke3 Kg5 62.Ke4 Rf4+  1-0

[Event "12th TCh-BIH Prem"]
[Site "Sarajevo BIH"]
[Date "2013.06.17"]
[Round "3.2"]
[White "Dizdarevic,E"]
[Black "Dumpor,A"]
[Result "1-0"]
[WhiteElo "2515"]
[BlackElo "2357"]

1.Nf3 d5 2.g3 Nf6 3.Bg2 Bg4 4.Ne5 Bf5 5.c4 Nbd7 6.Nxd7 Qxd7 7.cxd5 Bxb1 8.Rxb1 Nxd5
9.O-O e6 10.d4 Be7 11.e4 Nb6 12.Qc2 Qxd4 13.Qxc7 Qd7 14.Qxd7+ Nxd7 15.Rd1 Ne5
16.Bd2 Rd8 17.Bc3 f6 18.Kf1 Bc5 19.Rxd8+ Kxd8 20.Ke2 Ke7 21.Rc1 Bb6 22.f4 Nc6
23.e5 Rc8 24.exf6+ gxf6 25.Rd1 Rc7 26.Rd3 Bc5 27.Bxc6 Rxc6 28.g4 e5 29.fxe5 fxe5
30.Rd5 Bd6 31.Bxe5 Bxe5 32.Rxe5+ Kf6 33.Rf5+ Kg6 34.Ke3 Ra6 35.a3 Rb6 36.b4 Rc6
37.Rc5 Ra6 38.Ra5 Re6+ 39.Kf4 a6 40.Rg5+ Kf6 41.Rf5+ Kg6 42.h4 Re1 43.h5+ Kg7
44.Rd5 Rf1+ 45.Ke5 Rf3 46.g5 Re3+ 47.Kf5 Rf3+ 48.Kg4 Rxa3 49.h6+ Kg8 50.Rd8+ Kf7
51.Rd7+ Kg8 52.Rg7+ Kf8 53.Rxh7 Ra4 54.Rxb7 a5 55.h7 Rxb4+ 56.Rxb4 axb4 57.h8=Q+  1-0

[Event "12th TCh-BIH Prem"]
[Site "Sarajevo BIH"]
[Date "2013.06.17"]
[Round "3.2"]
[White "Vukic,M"]
[Black "Batinic,P"]
[Result "1/2-1/2"]
[WhiteElo "2388"]
[BlackElo "2312"]

1.Nf3 d5 2.g3 Nf6 3.Bg2 e6 4.O-O Be7 5.c4 O-O 6.b3 Nbd7 7.Bb2 c6 8.Qc2 b6
9.d3 Bb7 10.Nbd2 a5 11.a4 Bb4 12.Nb1 Qe7 13.e4 dxe4 14.dxe4 e5 15.Nc3 Rad8
16.Na2 Bd6 17.Rad1 Nc5 18.Rfe1 Qc7 19.Nc1 Rfe8 20.Nd3 Nfd7 21.Nxc5 Nxc5  1/2-1/2

[Event "7th Srebrno Jezero Open 2013"]
[Site "Srebrno jezero SRB"]
[Date "2013.06.17"]
[Round "6.10"]
[White "Chelushkina,I"]
[Black "Andrejic,V"]
[Result "0-1"]
[WhiteElo "2262"]
[BlackElo "2199"]

1.g3 d5 2.Nf3 Nf6 3.Bg2 c6 4.O-O Bf5 5.d3 h6 6.Nbd2 e6 7.Qe1 Be7 8.e4 Bh7
9.Qe2 O-O 10.a3 Qc7 11.Ne1 Re8 12.Nb3 Nfd7 13.Bf4 Bd6 14.Bd2 a5 15.exd5 cxd5
16.Bxd5 a4 17.Nc1 Be5 18.Bg2 Bxb2 19.Rb1 Bxa3 20.Rxb7 Qd6 21.Na2 Nc6 22.Bc3 Bc5
23.Nf3 Rab8 24.Rxb8 Rxb8 25.Nd2 Nd4 26.Qd1 Nb5 27.Nc4 Nxc3 28.Nxc3 Qa6 29.Qa1 Bd4
30.Qxa4 Qxa4 31.Nxa4 Rb4 32.Bc6 Nb8 33.c3 Bxc3 34.Nxc3 Bxd3 35.Rd1 Nxc6 36.Rxd3 Rxc4
37.Kg2 Kf8 38.h4 Nb4 39.Rd8+ Ke7 40.Rb8 Kf6 41.Nd1 Nd5 42.Rb3 g5 43.hxg5+ Kxg5
44.Nb2 Rc3 45.Rxc3 Nxc3 46.Nc4 f6 47.Nd2 f5 48.f4+ Kf6 49.Nf3 Ne4 50.Ne5 Nd6
51.Kh3 Nf7 52.Nf3 e5 53.fxe5+ Nxe5 54.Nd4 Ng6 55.Kg2 Ke5 56.Nf3+ Ke4 57.Nd2+ Kd3
58.Nf3 Ke3 59.Nh2 Ne5 60.Nf1+ Ke2 61.Kg1 Nf3+ 62.Kg2 h5 63.Nh2 Nxh2 64.Kxh2 Kf2
65.Kh3 Kg1 66.Kh4 Kg2  0-1

[Event "17th Petr Izmailov"]
[Site "Tomsk RUS"]
[Date "2013.06.17"]
[Round "7.9"]
[White "Beletsky,A"]
[Black "Egorov,E"]
[Result "1-0"]
[WhiteElo "2284"]
[BlackElo "2352"]

1.Nf3 d5 2.g3 Nc6 3.Bg2 e5 4.O-O Bg4 5.c4 dxc4 6.Qa4 Qd7 7.Qxc4 f6 8.Nc3 O-O-O
9.d3 h5 10.h4 Nge7 11.b4 Be6 12.Qb5 a6 13.Qa4 Nd5 14.Nxd5 Bxd5 15.Bd2 Nxb4
16.Qxd7+ Rxd7 17.Bxb4 Bxb4 18.Bh3 Bxf3 19.exf3 Rd8 20.Rac1 b5 21.Rfd1 Kb7
22.Bxd7 Rxd7 23.Kf1 c5 24.Ke2 Rd4 25.g4 hxg4 26.fxg4 Rxg4 27.Rg1 Rxh4 28.Rxg7+ Kb6
29.Rf7 Rf4 30.Re7 Ka5 31.Re6 c4 32.dxc4 bxc4 33.f3 Bc5 34.Rc2 Bb4 35.Rc1 Rh4
36.Rd1 Rh2+ 37.Ke3 Bc5+ 38.Ke4 Re2+ 39.Kd5 Bd4 40.Kxc4 Rc2+ 41.Kd5 Rxa2 42.Rxf6 Re2
43.f4 Bb2 44.f5 e4 45.Re6 e3 46.Ke4  1-0

[Event "4th Forni di Sopra"]
[Site "Forni di Sopra ITA"]
[Date "2013.06.19"]
[Round "6"]
[White "D'Amore,C"]
[Black "Dvirnyy,D"]
[Result "1/2-1/2"]
[WhiteElo "2485"]
[BlackElo "2540"]

1.Nf3 d5 2.g3 Nf6 3.Bg2 Bf5 4.d3 e6 5.Nbd2 h6 6.O-O Be7 7.c4 c6 8.b3 O-O
9.Bb2 a5 10.a3 Nbd7 11.Qc2 Bh7 12.Ne5 Nxe5 13.Bxe5 Nd7 14.Bb2  1/2-1/2

[Event "7th Srebrno Jezero Open 2013"]
[Site "Srebrno jezero SRB"]
[Date "2013.06.19"]
[Round "8.10"]
[White "Chelushkina,I"]
[Black "Savicevic,V"]
[Result "1-0"]
[WhiteElo "2262"]
[BlackElo "2327"]

1.g3 d5 2.Nf3 Nf6 3.Bg2 e6 4.O-O b6 5.c4 Bb7 6.Ne5 Be7 7.d4 O-O 8.Nc3 a6
9.cxd5 exd5 10.Bf4 Nc6 11.Rc1 Na5 12.Na4 Ne4 13.Nd3 Rc8 14.Rc2 Qd7 15.b3 Nc6
16.Be3 Nb4 17.Nxb4 Bxb4 18.Qc1 Rfe8 19.Bf4 Bd6 20.Bxd6 Nxd6 21.Qf4 Nb5 22.Rfc1 h6
23.h4 Re7 24.Kh2 Rd8 25.e3 Qd6 26.Qxd6 Rxd6 27.Nb2 c5 28.dxc5 bxc5 29.a4 Na3
30.Rxc5 d4 31.exd4 Rxd4 32.Nc4 Nxc4 33.R1xc4 Rd2 34.Rc7 Rxc7 35.Rxc7 Bxg2
36.Kxg2 a5 37.Rc8+ Kh7 38.h5 g6 39.hxg6+ Kxg6 40.Rc6+ f6 41.Rc5 Rb2 42.Rb5 h5
43.Kh3 Rb1 44.g4 hxg4+ 45.Kxg4  1-0